Datum a čas kvízu

37.5 Celkem bodů Celkový počet nahraných bodů na tomto kvízu bez doplňovacích otázek.
5. Pořadí na kvízu Konečné umístění týmu na tomto kvízu.

Zaznamenané odpovědi

# Otázka Odpověď Body Výsledky
1. Která postava má svou sněhovou... Krakonoš 1
2. V bavorském městečku Burgsinn... Penny 0
3. 78 dní byla na vrcholu žebříčk... Stranger Things 1
4. Minulý týden byla na technolog... lízátko (Lollipop Star) 0
5. Hajar Abdelkader z Egypta minu... Tenis 1
6. Téma o městě, které nikdy nesp... Flatiron (Building)/žehlička 1
7. Seřaďte uvedené události od té... 1D 2B 3C 4A 0
8. Jak si říká tento americký zpě... Lenny Kravitz; New York City 0.5
9. Turisté v NYC míří nejen do di... 1C 2B 3A 4D 1
10. Jak se jmenuje fiktivní město,... Gotham (City); Bronx 0.5